|
|
|
|
| LEADER |
00644cam a2200169 7i4500 |
| 001 |
0000025368 |
| 005 |
20101222090000.0 |
| 090 |
0 |
0 |
|a MAT 664.5025
|b MAL
|
| 110 |
2 |
0 |
|a Malaysia External Trade Development Corporation (MATRADE)
|
| 245 |
2 |
0 |
|a Malaysia sauces & condiments directory 2010-2012.
|
| 260 |
0 |
0 |
|a Kuala Lumpur:
|b MATRADE,
|c 2010.
|
| 300 |
# |
# |
|a 148 p.
|
| 650 |
0 |
0 |
|a Sauce --
|x Directories --
|z Malaysia
|
| 650 |
0 |
0 |
|a Condiments --
|x Directories --
|z Malaysia
|
| 651 |
0 |
0 |
|a Malaysia
|
| 999 |
|
|
|a 0000028041
|b Directories
|c MATRADEs Collection
|e Business Information Centre
|
| 999 |
|
|
|a 0000028040
|b Directories
|c MATRADEs Collection
|e Business Information Centre
|